| 000 | 00723nam a22001937a 4500 | ||
|---|---|---|---|
| 999 |
_c18071 _d18071 |
||
| 003 | AR-CdUCM | ||
| 008 | 190511b ||||| |||| 00| 0 spa d | ||
| 040 |
_aMUNICIPALIDAD PROVINCIAL DEL CUSCO _cBIBLIOTECA MUNICIPAL DEL CUSCO |
||
| 082 |
_a666.73 / _bV75 |
||
| 100 |
_aViscarri, Agustin. _938435 |
||
| 245 | _aManual practico para la fabricación de ladrillos y tejas / | ||
| 260 |
_aBarcelona : _bSintes, _c1960. |
||
| 300 |
_a191 páginas ; _c19 cm. |
||
| 505 | _aContenido : Elección de tierras -- Preparación de las tierras -- Tratamiento de las arcillas -- Secado -- Explotación de las canteras ... | ||
| 650 |
_aLadrillo. _938436 |
||
| 650 |
_aTejas. _938437 |
||
| 942 |
_2ddc _cLIBROS |
||
| 945 |
_arum _d2019-05-11 |
||